Stades de Ligue 1 2022/2023 - Statistiques

Statistiques générales
  • Ce quiz a été pris 66 fois
  • Le résultat moyen est 9 sur 20
Statistiques - réponses
Club Stade % Correct
Marseille Orange Vélodrome
88%
Paris Parc des Princes
88%
Lyon Groupama Stadium
73%
Monaco Stade Louis II
64%
Nantes Stade de la Beaujoire
47%
Angers Stade Raymond Kopa
47%
Auxerre Stade de l'Abbé Deschamps
46%
Brest Stade Francis Le Blé
46%
Strasbourg Stade de la Meinau
44%
Nice Allianz Riviera
41%
Lens Stade Félix Bollaert
41%
Rennes Roazhon Park
39%
Toulouse Stadium de Toulouse
37%
Montpellier Stade de la Mosson
36%
Clermont Stade Gabriel Montpied
31%
Reims Stade Auguste Delaune
29%
Troyes Stade de l'Aube
24%
Lorient Stade du Moustoir
24%
Ajaccio Stade François Coty
24%
Lille Décathlon Arena - Stade Pierre Mauroy
22%
Aucun quiz correspondant
Distribution des résultats
% des personnes avec chaque résultat
Percentile par nombre de réponses
Votre historique - résultats
Vous n’avez pas pris ce quiz